[Event "Paris-ch op"]
[Site "Paris"]
[Date "2000.07.20"]
[Round "6"]
[White "Thomas, Olivier"]
[Black "Pelle, Guillaume"]
[Result "0-1"]
[WhiteElo "2161"]
[BlackElo "2280"]
[PlyCount "60"]
[EventDate "2000.07.15"]
[EventType "swiss"]
[EventRounds "9"]
[EventCountry "FRA"]
[SourceTitle "EXT 2001"]
[Source "ChessBase"]
[SourceDate "2000.11.22"]
[SourceVersion "1"]
[SourceVersionDate "2000.11.22"]
[SourceQuality "1"]

1. e4 c5 2. Nc3 Nc6 3. g3 g6 4. Bg2 Bg7 5. d3 d6 6. Be3 Rb8 7. Qd2 b5 8. f4 Nd4 9. Nf3 Nxf3+ 10. Bxf3 b4 11. Nd1 Nf6 12. h3 Nd7 13. g4 a5 14. f5 Ne5 15. 0-0 0-0 16. Bh6 d5 17. Bxg7 Kxg7 18. Qf4 Nxf3+ 19. Rxf3 dxe4 20. dxe4 Qd4+ 21. Nf2 Qxb2 22. Rd1 Ba6 23. Rd7 Be2 24. Re3 Qxc2 25. Rxe7 Qd1+ 26. Kh2 Qf1 27. f6+ Kg8 28. Rg3 Bc4 29. Qh6 Qxf2+ 30. Rg2 Qxf6 0-1